| Tag |
First Indicator |
Second Indicator |
Subfields |
| LEADER |
00000cam a2200000 a 4500 |
| 001 |
in00001997367 |
| 005 |
20151031121737.0 |
| 008 |
040827s2004 gw 000 0 ger d |
| 020 |
|
|
|a 3100255070
|
| 035 |
|
|
|a (OCoLC)ocm56386175
|
| 040 |
|
|
|a OHX
|c OHX
|d OSU
|d TXA
|d UtOrBLW
|
| 049 |
|
|
|a TXAM
|
| 090 |
|
|
|a PT2667.E718
|b K44 2004
|
| 100 |
1 |
|
|a Gernhardt, Robert,
|d 1937-2006.
|
| 245 |
1 |
4 |
|a Die K-Gedichte /
|c Robert Gernhardt.
|
| 264 |
|
1 |
|a Frankfurt am Main :
|b Fischer,
|c [2004]
|
| 264 |
|
4 |
|c ©2004
|
| 300 |
|
|
|a 102 pages ;
|c 20 cm.
|
| 336 |
|
|
|a text
|b txt
|2 rdacontent
|
| 337 |
|
|
|a unmediated
|b n
|2 rdamedia
|
| 338 |
|
|
|a volume
|b nc
|2 rdacarrier
|
| 948 |
|
|
|a cataloged
|b h
|c 2004/10/11
|d c
|e dmitchel
|f 10:10:10 am
|
| 994 |
|
|
|a E0
|b TXA
|
| 999 |
|
|
|a MARS
|
| 999 |
f |
f |
|s 68c2dcd5-ff8f-34f9-9de0-f3bfa5595467
|i 6b098614-152e-307e-8ed6-7b4821b09a3d
|t 0
|
| 952 |
f |
f |
|p ric
|a Texas A&M University
|b Rellis Campus
|c Joint Library Facility
|d Remote Storage
|t 0
|e PT2667.E718 K44 2004
|h Library of Congress classification
|i unmediated -- volume
|m A14831343802
|
| 998 |
f |
f |
|a PT2667.E718 K44 2004
|t 0
|l Remote Storage
|